Every NASCAR winner in Chicagoland - Statistics

General Stats
  • This quiz has been taken 2 times
  • The average score is 17 of 19
Answer Stats
Hint Answer % Correct
2019 Alex Bowman
100%
2012 Brad Keselowski
100%
2014 Brad Keselowski
100%
2005 Dale Earnhardt Jr.
100%
2015 Denny Hamlin
100%
2006 Jeff Gordon
100%
2001 Kevin Harvick
100%
2002 Kevin Harvick
100%
2008 Kyle Busch
100%
2018 Kyle Busch
100%
2009 Mark Martin
100%
2016 Martin Truex Jr.
100%
2017 Martin Truex Jr.
100%
2004 Tony Stewart
100%
2007 Tony Stewart
100%
2011 Tony Stewart
100%
2013 Matt Kenseth
50%
2003 Ryan Newman
50%
2010 David Reutimann
0%
No matching quizzes found
Score Distribution
Percent of People with Each Score
Percentile by Number Answered
Your Score History
You have not taken this quiz